[Event "Nat 1 Toulouse-Gambsheim"]
[Site "?"]
[Date "2008.04.06"]
[Round "11.8"]
[White "Criqui, Laurence"]
[Black "Planell, Eric"]
[Result "0-1"]
[WhiteElo "1680"]
[BlackElo "2156"]
[PlyCount "124"]
[EventDate "2008.04.07"]
[SourceDate "2008.04.07"]

1. e4 c5 2. c3 d5 3. exd5 Qxd5 4. d4 cxd4 5. cxd4 Nc6 6. Nf3 Bg4 7. Be2 e6 8.
O-O Nf6 9. Nc3 Qa5 10. Bd2 Be7 11. h3 Bh5 12. g4 Bg6 13. Bf4 O-O 14. Nb5 Nd5
15. Bd2 Qb6 16. a4 a6 17. a5 Qd8 18. Nc3 Ndb4 19. Be3 Nxa5 20. Qa4 Nac6 21.
Rfc1 Bd3 22. Qd1 Bxe2 23. Qxe2 Rc8 24. Ne4 Nd5 25. Nc5 Bxc5 26. Rxc5 b6 27.
Rcc1 Ncb4 28. Bg5 Qd6 29. Qd2 a5 30. Rxc8 Rxc8 31. Rc1 Rxc1+ 32. Qxc1 Qc6 33.
Qd1 f6 34. Bh4 Nf4 35. Kh2 Nbd3 36. b3 Nb2 37. Qh1 Qc3 38. Bg3 Ne2 39. Nh4 Nxg3
40. Qa8+ Kf7 41. Qb7+ Ke8 42. Qb8+ Kd7 43. fxg3 g5 44. Ng2 Qxd4 45. Qb7+ Kd6
46. Qb8+ Kc5 47. Qf8+ Kb5 48. Qe8+ Kb4 49. Qe7+ Kxb3 50. Qxe6+ Nc4 51. Qc6 Qe5
52. Qf3+ Qc3 53. Qd5 a4 54. Qd1+ Ka3 55. Qd7 Ne5 56. Qe7+ Kb2 57. h4 a3 58. Qe6
Nc4 59. Qe2+ Qc2 60. Qe6 a2 61. Qxf6+ Qc3 62. Qf2+ Kb3 0-1

[Event "Nat 1 Avignon-Mulhouse"]
[Site "?"]
[Date "2008.04.06"]
[Round "11.1"]
[White "Cursoux, Laurent"]
[Black "Genov, Petar"]
[Result "1-0"]
[WhiteElo "2241"]
[BlackElo "2474"]
[PlyCount "93"]
[EventDate "2008.04.07"]
[SourceDate "2008.04.07"]

1. c4 e6 2. Nf3 b6 3. g3 Bb7 4. Bg2 g6 5. O-O Bg7 6. Nc3 Ne7 7. d4 d6 8. Re1
Nd7 9. e4 O-O 10. Be3 h6 11. Qd2 Kh7 12. b4 Rb8 13. Rad1 f5 14. Qc2 Nf6 15. e5
Ne4 16. exd6 cxd6 17. Bf4 Rc8 18. Nxe4 fxe4 19. Nd2 d5 20. c5 Nc6 21. Qa4 a6
22. Nb3 b5 23. Qa3 Ra8 24. Na5 Qd7 25. Nxc6 Bxc6 26. f3 a5 27. bxa5 b4 28. Qxb4
exf3 29. Bh3 f2+ 30. Kxf2 g5 31. Rxe6 Qb7 32. Qb6 Qxb6 33. cxb6 Bd7 34. b7 Rxa5
35. b8=Q Bxe6 36. Qb1+ Kh8 37. Bxe6 gxf4 38. gxf4 Rxf4+ 39. Kg3 Rf8 40. Rf1
Rfa8 41. Qg6 R5a6 42. Rf7 Rg8 43. Kh4 Rxa2 44. h3 Rg2 45. Bg4 Rg1 46. Rf5 Bf8
47. Rxf8 1-0

[Event "Nat 1 Avignon-Mulhouse"]
[Site "?"]
[Date "2008.04.06"]
[Round "11.2"]
[White "Lerch, Patrice"]
[Black "Pieroni, Guillaume"]
[Result "1-0"]
[WhiteElo "2307"]
[BlackElo "2205"]
[PlyCount "55"]
[EventDate "2008.04.07"]
[SourceDate "2008.04.07"]

1. e4 e6 2. Nf3 d5 3. e5 c5 4. b4 cxb4 5. a3 Nc6 6. axb4 Bxb4 7. c3 Be7 8. d4
Bd7 9. Bd3 f5 10. h4 h5 11. Bg5 Nh6 12. Nbd2 Nf7 13. Bxe7 Nxe7 14. Nf1 a5 15.
Ng3 a4 16. Ne2 Qa5 17. Qb1 O-O 18. Qxb7 Ra7 19. Qb1 Raa8 20. Kd2 Rfb8 21. Qc2
Nd8 22. Rhb1 Nc8 23. Nf4 Rb6 24. Nxh5 Ra7 25. g4 Rc7 26. gxf5 exf5 27. Rg1 Ne6
28. Nf6+ 1-0

[Event "Nat 1 Avignon-Mulhouse"]
[Site "?"]
[Date "2008.04.06"]
[Round "11.4"]
[White "Hassler, Franck"]
[Black "Duquesnoy, Jean Philippe"]
[Result "0-1"]
[WhiteElo "2282"]
[BlackElo "2217"]
[PlyCount "69"]
[EventDate "2008.04.07"]
[SourceDate "2008.04.07"]

1. c4 e5 2. Nc3 Nc6 3. g3 f5 4. Bg2 Nf6 5. a3 g6 6. b4 Bg7 7. Bb2 O-O 8. d3 d6
9. Nd5 Ne7 10. e4 c6 11. Nxf6+ Bxf6 12. Ne2 d5 13. f4 fxe4 14. fxe5 Bg5 15.
cxd5 Nxd5 16. Bxe4 Be3 17. Qb3 Be6 18. Bd4 Qg5 19. Qb2 Rf2 20. Bxe3 Qxe3 21.
Qd2 Qb6 22. d4 Raf8 23. Qd3 Nxb4 24. axb4 Qxb4+ 25. Nc3 Bg4 26. Rb1 Qa5 27.
Qc4+ Kh8 28. Bd3 b5 29. Qc5 Qc7 30. Rf1 Rxf1+ 31. Bxf1 a5 32. Ne4 Be6 33. Nf6
Qc8 34. Bg2 Bf5 35. Ra1 0-1

[Event "Nat 1 Avignon-Mulhouse"]
[Site "?"]
[Date "2008.04.06"]
[Round "11.5"]
[White "Salus, Stephane"]
[Black "Fargere, François"]
[Result "1/2-1/2"]
[WhiteElo "2201"]
[BlackElo "2367"]
[PlyCount "173"]
[EventDate "2008.04.07"]
[SourceDate "2008.04.07"]

1. e4 c5 2. c4 Nc6 3. Nc3 g6 4. g3 Bg7 5. Bg2 d6 6. d3 Nf6 7. Nge2 O-O 8. O-O
Bg4 9. h3 Bxe2 10. Nxe2 Nd7 11. Rb1 Rb8 12. Be3 b5 13. cxb5 Rxb5 14. d4 cxd4
15. Nxd4 Nxd4 16. Bxd4 Bxd4 17. Qxd4 Qa5 18. b4 Qa3 19. Rfc1 Ne5 20. f4 Nf3+
21. Bxf3 Qxf3 22. Rb3 Qe2 23. a4 Rh5 24. Rb2 Qa6 25. b5 Qb7 26. Rc6 Qd7 27. h4
Qg4 28. Rg2 e5 29. Qxd6 exf4 30. Qxf4 Qd1+ 31. Kh2 Qxa4 32. Rf2 Rxb5 33. Rc7
Qd4 34. Qf6 Qxf6 35. Rxf6 Re5 36. Rxa7 Rxe4 37. Rfa6 Ree8 38. h5 Kg7 39. hxg6
hxg6 40. Ra2 g5 41. Kg2 Rc8 42. Rf2 Rc6 43. Ra5 Kg6 44. Raf5 f6 45. g4 Ra8 46.
R5f3 Ra4 47. Kg3 Kg7 48. Kh3 Ra8 49. Kg3 Rf8 50. Rf1 Rh8 51. R1f2 Rb6 52. Rh2
Re8 53. Rhf2 Kf7 54. Kh3 Rg8 55. Kg3 Rg6 56. Rc2 Rh6 57. Rh2 Rxh2 58. Kxh2 Ke6
59. Re3+ Kd5 60. Kg3 Rb4 61. Kf3 Rf4+ 62. Kg3 Re4 63. Rf3 Ke5 64. Rf5+ Ke6 65.
Rf3 Re1 66. Kg2 Rd1 67. Re3+ Kd7 68. Rf3 Rd6 69. Re3 Kc6 70. Kf3 Kd5 71. Re1
Kc6 72. Rc1+ Kd7 73. Rc3 Rd4 74. Kg3 Kd6 75. Rf3 Ke7 76. Rf5 Rd3+ 77. Kg2 Re3
78. Ra5 Rd3 79. Ra6 Rd6 80. Ra5 Ke6 81. Rf5 Rd3 82. Ra5 Rd5 83. Ra1 Rd4 84. Kg3
Rd3+ 85. Kg2 Ke5 86. Rf1 Re3 87. Rf5+ 1/2-1/2

[Event "Nat 1 Avignon-Mulhouse"]
[Site "?"]
[Date "2008.04.06"]
[Round "11.6"]
[White "Leburgue, Sylvain"]
[Black "Barret, Simon"]
[Result "1/2-1/2"]
[WhiteElo "2196"]
[BlackElo "2133"]
[PlyCount "39"]
[EventDate "2008.04.07"]
[SourceDate "2008.04.07"]

1. e4 e5 2. Nf3 Nc6 3. d4 exd4 4. Nxd4 Bc5 5. Nxc6 Qf6 6. Qd2 dxc6 7. Nc3 Bd4
8. Nd1 Ne7 9. Bd3 Ng6 10. O-O O-O 11. Qg5 Qd6 12. Kh1 Bf6 13. Qg3 Bh4 14. Qxd6
cxd6 15. Nc3 f5 16. exf5 Bxf5 17. Bxf5 Rxf5 18. g3 Bf6 19. Ne4 Be5 20. Kg2
1/2-1/2

[Event "Nat 1 Avignon-Mulhouse"]
[Site "?"]
[Date "2008.04.06"]
[Round "11.7"]
[White "Jalfon, Michael"]
[Black "Nass, Emile"]
[Result "0-1"]
[WhiteElo "1770"]
[BlackElo "2112"]
[PlyCount "70"]
[EventDate "2008.04.07"]
[SourceDate "2008.04.07"]

1. d4 Nf6 2. Nf3 d5 3. e3 g6 4. Bd3 Bg7 5. O-O O-O 6. b3 c5 7. Bb2 Nc6 8. Nbd2
cxd4 9. exd4 Nb4 10. Be2 Bf5 11. c3 Nd3 12. Ba3 Nf4 13. Re1 a6 14. c4 Ne4 15.
Nxe4 dxe4 16. Ne5 Nxe2+ 17. Qxe2 Qxd4 18. Bb2 Qc5 19. g4 Bxe5 20. Bxe5 Qxe5 21.
gxf5 gxf5 22. Qh5 Rad8 23. Kh1 Rd6 24. f4 Qxf4 25. Rf1 Rh6 26. Qe2 Qe5 27. Rad1
f4 28. Rd5 Qe6 29. Rxf4 f5 30. Qg2+ Rg6 31. Qh3 Rg5 32. Rh4 e3 33. Rdd4 e2 34.
Rdf4 e1=Q+ 35. Rf1 Qc6+ 0-1

[Event "Nat 1 Avignon-Mulhouse"]
[Site "?"]
[Date "2008.04.06"]
[Round "11.8"]
[White "Richard, Emma"]
[Black "Briatte, Meline"]
[Result "1-0"]
[WhiteElo "1985"]
[BlackElo "1090"]
[PlyCount "59"]
[EventDate "2008.04.07"]
[SourceDate "2008.04.07"]

1. e4 c5 2. Nf3 d6 3. Bb5+ Bd7 4. Bxd7+ Nxd7 5. O-O Ngf6 6. Qe2 e6 7. c3 Be7 8.
d4 O-O 9. Rd1 b6 10. h3 Rc8 11. Bf4 Rc6 12. d5 exd5 13. exd5 Rc7 14. Na3 Re8
15. Nb5 Rb7 16. Qc2 a6 17. Nxd6 Bxd6 18. Bxd6 Nf8 19. Bg3 Nxd5 20. c4 Rd7 21.
cxd5 Rxd5 22. Qb3 Rd7 23. Rxd7 Qxd7 24. Qxb6 Qc8 25. Rc1 Nd7 26. Qd6 Rd8 27.
Rd1 c4 28. Ne5 Nxe5 29. Qxd8+ Qxd8 30. Rxd8# 1-0